[Event "Titled Tue 27th May Late"]
[Site "chess.com INT"]
[Date "2025.05.27"]
[Round "2"]
[White "Alizadeh, Mohammad Mahdi"]
[Black "Mendes Aaron Reeve"]
[Result "1-0"]
[WhiteTitle "CM"]
[BlackTitle "IM"]
[WhiteElo "2015"]
[BlackElo "2335"]
[WhiteFideId "22598820"]
[BlackFideId "25954938"]
[EventDate "2025.05.27"]

1. c4 c6 2. Nc3 d5 3. d4 dxc4 4. e3 b5 5. a4 b4 6. Nb1 Ba6 7. Qc2 b3 8. Qc3 Qb6
9. a5 Qb7 10. Bxc4 e5 11. Qxb3 Qb4+ 12. Nd2 Bxc4 13. Qxc4 exd4 14. Qxd4 Qxd4 15.
exd4 Nf6 16. Ngf3 Na6 17. Nc4 Bb4+ 18. Bd2 O-O 19. O-O Bxd2 20. Ncxd2 Rab8 21.
Nc4 Rb4 22. Nfe5 c5 23. dxc5 Nxc5 24. Rac1 Nb3 25. Rc3 Nd4 26. Re1 Rc8 27. Nd6
Ne2+ 28. Kf1 Nxc3 29. Nxc8 Rxb2 30. Nxa7 Nfe4 31. f3 Nd2+ 32. Kg1 f6 33. Nd3 Ra2
34. Nc6 Nc4 35. Ndb4 Ra4 36. a6 Ne5 37. a7 Nb5 38. Nxe5 fxe5 39. Nc6 Nxa7 40.
Nxa7 Rxa7 41. Rxe5 Kf7 42. Kf2 Kf6 43. Re4 g5 44. h4 h6 45. Kg3 Ra5 46. Kg4 Rb5
47. Kh5 Rb2 48. g3 Rf2 49. f4 gxh4 50. Kxh4 Rh2+ 51. Kg4 h5+ 52. Kf3 h4 53. g4
Rh3+ 54. Kf2 Ra3 55. Re5 Ra4 56. Kf3 Ra3+ 57. Re3 Ra4 58. Rb3 Kg7 59. g5 h3 60.
Rb2 Kg6 61. Rb6+ Kg7 62. Rh6 Ra3+ 63. Kg4 Rc3 64. Rxh3 Rc1 65. Rh6 Rg1+ 66. Kf5
Rd1 67. Rb6 Rd5+ 68. Kg4 Rd4 69. Rb7+ Kg6 70. Rb6+ Kg7 71. g6 Rc4 72. Kg5 Rc1
73. Rb7+ Kg8 74. f5 Rc5 75. Kh6 Rxf5 76. Rb8+ Rf8 77. Rxf8+ Kxf8 78. Kh7 1-0

[Event "Titled Tue 27th May Late"]
[Site "chess.com INT"]
[Date "2025.05.27"]
[Round "2"]
[White "Krzywda, Andrzej"]
[Black "Miranda Camus, Joaquin Ignacio"]
[Result "1/2-1/2"]
[WhiteTitle "CM"]
[BlackTitle "FM"]
[WhiteElo "2175"]
[BlackElo "2196"]
[WhiteFideId "1114565"]
[BlackFideId "3449300"]
[EventDate "2025.05.27"]

1. e4 c5 2. Nf3 d6 3. d4 cxd4 4. Nxd4 Nf6 5. Nc3 a6 6. Be3 e5 7. Nb3 Be6 8. h3
Be7 9. Qf3 O-O 10. O-O-O Qc7 11. g4 b5 12. g5 Nfd7 13. Nd5 Bxd5 14. exd5 f5 15.
gxf6 Bxf6 16. Qe4 Rc8 17. Bd3 Nf8 18. Kb1 Nbd7 19. Rhg1 Nc5 20. Nxc5 dxc5 21. d6
Qd7 22. Be2 Rab8 23. Bg4 Ne6 24. Qd5 Re8 25. Bxc5 Kh8 26. Be3 b4 27. h4 Rb5 28.
Qc4 a5 29. Rd5 Rbb8 30. Rxa5 Rbc8 31. Qd5 Rc6 32. Ra7 Qxd6 33. Qxd6 Rxd6 34.
Bxe6 Rdxe6 35. h5 h6 36. Rb7 Be7 37. Rd1 Rc8 38. Rdd7 Bf6 39. Rbc7 Rb8 40. Rb7
Rbe8 41. Rxb4 e4 42. Rbb7 Re5 43. c4 Rxh5 44. c5 Rc8 45. a4 Rh1+ 46. Ka2 h5 47.
a5 h4 48. a6 h3 49. Bf4 Rxc5 50. a7 Ra5+ 51. Kb3 h2 52. Bxh2 Rxh2 53. Rb8+ Kh7
54. a8=Q Rxa8 55. Rxa8 Rxf2 56. Re8 Rxb2+ 57. Ka3 Re2 58. Kb3 e3 59. Rd3 Bg5 60.
Kc4 Bh6 61. Kd5 Rd2 62. Ke4 Rxd3 63. Kxd3 Kg6 64. Ke2 Kf5 65. Kf3 Bg5 66. Ra8 g6
67. Ra5+ Kf6 68. Ra4 Kf5 69. Ra5+ Kf6 70. Kg4 Bh6 71. Ra6+ Kg7 72. Re6 Kf7 73.
Re4 Kf6 74. Kf3 Bg5 75. Ra4 Kf5 76. Ra5+ 1/2-1/2

[Event "Titled Tue 27th May Late"]
[Site "chess.com INT"]
[Date "2025.05.27"]
[Round "2"]
[White "Makarian, Rudik"]
[Black "Ansat, Aldiyar"]
[Result "1/2-1/2"]
[WhiteTitle "IM"]
[BlackTitle "IM"]
[WhiteElo "2532"]
[BlackElo "2489"]
[WhiteFideId "44105681"]
[BlackFideId "13715658"]
[EventDate "2025.05.27"]

1. d4 Nf6 2. c4 g6 3. Nc3 d5 4. Bf4 Bg7 5. e3 c5 6. dxc5 Qa5 7. Rc1 O-O 8. cxd5
Ne4 9. Ne2 Nxc5 10. a3 Ne4 11. f3 Nxc3 12. Nxc3 Rd8 13. Qd2 Nd7 14. e4 Nb6 15.
Be2 e6 16. Bc7 Re8 17. d6 Bd7 18. O-O Rac8 19. Rfd1 Bf6 20. Kh1 Qh5 21. f4 Qh6
22. e5 Bh4 23. Qe3 Bd8 24. Bxd8 Rexd8 25. Bf3 Nc4 26. Qd4 Nxb2 27. Nd5 exd5 28.
Qxb2 Qxf4 29. Rxc8 Rxc8 30. Qxb7 Rc1 31. Qxa7 Rxd1+ 32. Bxd1 Qxe5 33. Qc5 Qe1+
34. Qg1 Qc3 35. a4 d4 36. h3 d3 37. Qe3 Qa1 38. Qxd3 Kf8 39. Kh2 Qe5+ 40. Qg3
Qd5 41. Qf3 Qe5+ 42. Qg3 Qd4 43. Bf3 Bxa4 44. h4 Bd7 45. Kh1 h5 46. Kh2 Kg7 47.
Be2 Kf6 48. Bf3 Qe5 49. Bd1 Be6 50. Bc2 Qxg3+ 51. Kxg3 Ke5 52. Bd3 Kxd6 53. Kf4
Kd5 54. g3 Kd4 55. Bc2 Kc3 56. Be4 Kd4 57. Bc6 Bf5 58. Bb7 f6 59. Bc6 Bd3 60.
Bf3 Bc2 61. Be2 Be4 62. Bd1 Bf5 63. Bxh5 Bd3 64. Bf3 Bc2 65. Be2 Kc5 66. Ba6 Kd6
67. Bb7 Ke6 68. g4 g5+ 69. hxg5 fxg5+ 70. Kxg5 Bd1 71. Bd5+ Kxd5 72. Kf6 Bxg4 1/2-1/2

[Event "Titled Tue 27th May Late"]
[Site "chess.com INT"]
[Date "2025.05.27"]
[Round "2"]
[White "Kochavi, Dana"]
[Black "Zuferi, Enis"]
[Result "0-1"]
[WhiteTitle "FM"]
[BlackTitle "FM"]
[WhiteElo "2226"]
[BlackElo "2351"]
[WhiteFideId "2837137"]
[BlackFideId "24692530"]
[EventDate "2025.05.27"]

1. e4 c5 2. Nf3 d6 3. d4 cxd4 4. Nxd4 Nf6 5. Nc3 a6 6. a4 e5 7. Nf3 Be7 8. a5
O-O 9. Be3 h6 10. Be2 Be6 11. h3 Nc6 12. Bb6 Qd7 13. Nd5 Rac8 14. Nxe7+ Qxe7 15.
Bd3 d5 16. exd5 Bxd5 17. Bf5 Be6 18. Bxe6 Qxe6 19. O-O Nd5 20. Bc5 Rfe8 21. c3
Nf4 22. Be3 Rcd8 23. Qc2 Nd5 24. Bc5 e4 25. Nd4 Nxd4 26. Bxd4 Qg6 27. g3 Qh5 28.
Kh2 e3 29. fxe3 Nxe3 30. Bxe3 Rxe3 31. Rf2 Rdd3 32. Rg1 Qe5 33. Rfg2 h5 34. h4
Rf3 35. Qb3 Qc7 36. Qb6 Qxb6 37. axb6 Rd6 38. Re1 Rxb6 39. Re7 g6 40. Rd2 Rb5
41. Kg2 Rff5 42. b4 Rb6 43. Rdd7 Rc6 44. Rxb7 Rxc3 45. Rec7 Rb3 46. Rc8+ Kg7 47.
Rc6 Rff3 48. Rxa6 Rxg3+ 49. Kf2 Rh3 50. Rd6 Rh2+ 51. Kg1 Ra2 52. Rd1 Ra4 53. b5
Rab4 54. Rd5 Rg4+ 55. Kf2 Rxh4 56. Kg2 Rg4+ 57. Kf2 Ra4 58. Rd2 Rab4 59. Rd5 Ra4
60. Rd2 h4 61. b6 h3 62. Kg1 Rg4+ 63. Kh2 Rgb4 64. Rf2 Rxb6 65. Rfxf7+ Kh6 66.
Rh7+ Kg5 67. Rxb6 Rxb6 68. Rxh3 Rb2+ 69. Kg1 Kg4 70. Rc3 g5 71. Rc4+ Kh3 72. Rc8
g4 73. Rh8+ Kg3 74. Kf1 Rb1+ 75. Ke2 Kg2 76. Rg8 g3 77. Ke3 Rb7 78. Kf4 Rf7+ 79.
Ke3 Kh2 80. Ke2 g2 81. Rh8+ Kg1 82. Rg8 Re7+ 83. Kf3 Kf1 84. Rxg2 Rf7+ 0-1

[Event "Titled Tue 27th May Late"]
[Site "chess.com INT"]
[Date "2025.05.27"]
[Round "2"]
[White "Albertini, Luca"]
[Black "Pribelszky, Bence"]
[Result "1-0"]
[BlackTitle "IM"]
[WhiteElo "2139"]
[BlackElo "2400"]
[WhiteFideId "847038"]
[BlackFideId "769738"]
[EventDate "2025.05.27"]

1. b3 e5 2. Bb2 Nc6 3. e3 d5 4. g3 f5 5. Bg2 Nf6 6. f4 e4 7. Ne2 Bc5 8. O-O d4
9. exd4 Nxd4 10. Kh1 Ng4 11. h3 h5 12. b4 Bb6 13. c4 c5 14. Nxd4 cxd4 15. c5 Bc7
16. hxg4 hxg4+ 17. Kg1 g5 18. Qe2 Be6 19. Bxe4 fxe4 20. Qxe4 Qd5 21. Qxd5 Bxd5
22. Bxd4 Rh1+ 23. Kf2 Rh2+ 24. Ke3 gxf4+ 25. gxf4 Rh3+ 26. Kf2 g3+ 27. Ke1 g2
28. Rg1 Bxf4 29. Nc3 Bf3 30. Kf2 O-O-O 31. Be3 Bxe3+ 32. Kxe3 Bc6+ 33. Ke2 Re8+
34. Kd1 Rh1 35. Kc2 Rxg1 36. Rxg1 Rf8 37. Ne2 Rf1 38. d3 Bf3 39. Kd2 Bxe2 40.
Rxg2 Bf3 41. Rg8+ Kc7 42. Rf8 Bg2 43. Rg8 Bd5 44. Rg7+ Rf7 45. Rg5 Bxa2 46. Kc3
Rd7 47. b5 Rd5 48. Rg7+ Kc8 49. d4 Rd7 50. Rg1 Bd5 51. Ra1 Kb8 52. Rf1 Rd8 53.
Rf5 Be4 54. Re5 Bd5 55. Kb4 a6 56. bxa6 bxa6 57. Rg5 Bb7 58. Kc4 Ka7 59. d5 a5
60. c6 Ba6+ 61. Kc5 a4 62. Rg7+ Kb8 63. d6 Rh8 64. Kb6 a3 65. Rg3 a2 66. Ra3 Bc4
67. c7+ Kc8 68. Ra8+ Kd7 69. Rxh8 a1=Q 70. c8=Q+ Kxd6 71. Qc5+ Kd7 72. Qc6+ Ke7
73. Rh7+ Bf7 74. Qc7+ Ke6 75. Qxf7+ Kd6 76. Qe7+ Kd5 77. Rh5+ Kc4 78. Qc5+ Kd3
79. Rh3+ Ke4 80. Rh4+ Kf3 81. Qf5+ Ke3 82. Qe4+ Kf2 83. Rh2+ Kg3 84. Qg2+ Kf4
85. Qf2+ Ke4 86. Qe2+ Kd4 87. Qb2+ Kc4 88. Qxa1 Kb3 89. Rh3+ Kc2 90. Qa2+ Kd1
91. Rh1# 1-0

[Event "Titled Tue 27th May Late"]
[Site "chess.com INT"]
[Date "2025.05.27"]
[Round "2"]
[White "Romero Ruscalleda, Josep"]
[Black "Puzyrevsky, Semyon"]
[Result "1/2-1/2"]
[WhiteTitle "FM"]
[BlackTitle "FM"]
[WhiteElo "2110"]
[BlackElo "2253"]
[WhiteFideId "2231859"]
[BlackFideId "24240931"]
[EventDate "2025.05.27"]

1. e4 c5 2. c3 d5 3. exd5 Qxd5 4. Nf3 Nc6 5. Na3 Nf6 6. d4 Bg4 7. Be2 e6 8. O-O
Be7 9. Nb5 Qd7 10. dxc5 Bxc5 11. Bf4 Nd5 12. Bg3 a6 13. Nbd4 Bxd4 14. Nxd4 Bxe2
15. Nxe2 b5 16. Nd4 O-O 17. Nxc6 Qxc6 18. Qf3 Rac8 19. Rfd1 Rfd8 20. Qe2 h6 21.
Be5 f6 22. Bd4 Nf4 23. Qf1 e5 24. Be3 Nd5 25. Qe2 Qe6 26. a4 Nxe3 27. Qxe3 Rxd1+
28. Rxd1 bxa4 29. Ra1 Qb3 30. Qd2 Rb8 31. g3 Qxb2 32. Qd5+ Kh8 33. Rxa4 Qb6 34.
c4 Rc8 35. Ra5 Rxc4 36. Qa8+ Kh7 37. Rxa6 Rc1+ 38. Kg2 Qd4 39. Ra7 Rc2 40. Qf3
Qxa7 41. Qf5+ g6 42. Qxc2 Qd7 43. Qc5 Kg7 44. h3 Kf7 45. Kh2 h5 46. h4 Ke6 47.
Qc4+ Qd5 48. Qc8+ Ke7 49. Qc7+ Qd7 50. Qc5+ Kf7 51. Qc4+ Kg7 52. Qc5 Qd4 53.
Qc7+ Kh6 54. Kg2 Qd5+ 55. Kg1 f5 56. Qe7 e4 57. Qf8+ Kh7 58. Qe7+ Kg8 59. Qe8+
Kg7 60. Qe7+ Qf7 61. Qe5+ Kg8 62. Kg2 Kh7 63. Kg1 Qb7 64. Qe6 Qb1+ 65. Kg2 Qb7
66. Kg1 Qa7 67. Kg2 Qg7 68. Kg1 Qf8 69. Kg2 Kg7 70. Qe5+ Qf6 71. Qc7+ Qf7 72.
Qe5+ Kf8 73. Kg1 Qe7 74. Qh8+ Kf7 75. Qh7+ Kf6 76. Qh8+ Ke6 77. Qd4 Qd6 78. Qc4+
Kf6 79. Qc3+ Kf7 80. Qc4+ Kg7 81. Qc3+ Kh7 82. Qc4 e3 83. Qf7+ Kh6 84. Kg2 exf2
85. Kxf2 Qd4+ 86. Kf3 Qg7 87. Qe8 Kh7 88. Kg2 Qb7+ 89. Kh2 Qc7 90. Qe3 Kg7 91.
Kh3 Qd7 92. Kh2 Kf7 93. Qe5 Qd2+ 94. Kh3 Qd7 95. Kh2 Qe6 96. Qc7+ Kf6 97. Qc3+
Qe5 98. Qc6+ Kg7 99. Kh3 f4 100. Qd7+ Kh6 101. Qd2 Qe3 102. Qxe3 fxe3 103. Kg2
Kg7 104. Kf3 Kf6 105. Kxe3 Ke5 106. Kf3 Kf5 107. Kf2 Kg4 108. Kg2 g5 109. hxg5
Kxg5 110. Kh3 Kg6 111. Kh4 Kh6 112. g4 hxg4 113. Kxg4 1/2-1/2

[Event "Titled Tue 27th May Late"]
[Site "chess.com INT"]
[Date "2025.05.27"]
[Round "2"]
[White "Gyurjinyan, Valter"]
[Black "Pyrih, Roman"]
[Result "0-1"]
[WhiteTitle "CM"]
[BlackTitle "FM"]
[WhiteElo "2208"]
[BlackElo "2429"]
[WhiteFideId "13318179"]
[BlackFideId "14179156"]
[EventDate "2025.05.27"]

1. e4 e5 2. Nf3 Nc6 3. Bc4 Bc5 4. c3 Nf6 5. d3 a5 6. O-O d6 7. Nbd2 O-O 8. h3
Ba7 9. Re1 Ne7 10. Nf1 c6 11. Bb3 Ng6 12. Ng3 Re8 13. d4 d5 14. dxe5 Nxe5 15.
Nxe5 Rxe5 16. Bf4 Re8 17. exd5 Rxe1+ 18. Qxe1 Nxd5 19. Bxd5 cxd5 20. Rd1 Be6 21.
Ne2 Qf6 22. Bg3 a4 23. Nd4 Rc8 24. a3 h6 25. Qe2 Rc4 26. Nb5 Re4 27. Qf3 Bc5 28.
Qxf6 gxf6 29. Nd4 Kg7 30. Kh2 Bxd4 31. Rxd4 Re2 32. Rb4 Kg6 33. Rxb7 d4 34. cxd4
Bb3 35. h4 Rxb2 36. d5 Rd2 37. d6 h5 38. Bf4 Rd3 39. f3 Be6 40. Ra7 Rxa3 41. d7
Rd3 42. Rxa4 Rxd7 43. Kg3 Rb7 44. Ra8 Kg7 45. Ra3 Rb2 46. Ra1 Rc2 47. Rc1 Rb2
48. Re1 Kg6 49. Be3 Bc4 50. Bf4 Kf5 51. Rc1 Be6 52. Rc5+ Kg6 53. Rc1 Re2 54. Rc5
Bf5 55. Rc1 Bc2 56. Ra1 Bb3 57. Rb1 Bc4 58. Rb8 Ra2 59. Rg8+ Kh7 60. Rd8 Kg6 61.
Rd2 Ra1 62. Rc2 Bd3 63. Rd2 Ba6 64. Rd6 Bf1 65. Bg5 Ra2 66. Bxf6 Rxg2+ 67. Kf4
Kh7 68. Bg5 Ra2 69. Rh6+ Kg7 70. Rd6 Ra4+ 71. Kg3 Ra3 72. Bf6+ Kh7 73. Rd8 Be2
74. Kf2 Rxf3+ 75. Kxe2 Rxf6 76. Rd5 Kh6 77. Ke3 Re6+ 78. Kf4 Rg6 79. Rd8 Rg4+
80. Kf5 Kg7 81. Rd1 Rxh4 82. Kg5 Rh2 83. Rf1 f6+ 84. Kf5 Rg2 85. Rh1 Rg5+ 86.
Kf4 Kg6 87. Rd1 Rg4+ 88. Kf3 Ra4 89. Rd8 Kf5 90. Rd5+ Kg6 91. Rc5 Ra3+ 92. Kf4
h4 93. Kg4 h3 94. Rc2 f5+ 95. Kf4 Ra4+ 96. Kg3 Ra3+ 97. Kf4 Kh5 98. Rc8 Ra4+ 99.
Kxf5 Kh4 100. Rg8 h2 101. Rg7 Kh3 102. Ke5 h1=Q 103. Rh7+ Kg2 104. Rxh1 Kxh1 0-1

[Event "Titled Tue 27th May Late"]
[Site "chess.com INT"]
[Date "2025.05.27"]
[Round "2"]
[White "Piddubna, Bozhena"]
[Black "Maglioni, Leonardo"]
[Result "1/2-1/2"]
[WhiteTitle "WFM"]
[WhiteElo "2174"]
[BlackElo "2069"]
[WhiteFideId "34109293"]
[BlackFideId "2896830"]
[EventDate "2025.05.27"]

1. d4 Nf6 2. c4 g6 3. Nf3 Bg7 4. g3 O-O 5. Bg2 d6 6. Nc3 Nc6 7. O-O a6 8. b3 Rb8
9. Bb2 b5 10. cxb5 axb5 11. Rc1 b4 12. Na4 Bd7 13. d5 Na7 14. Nd4 Qc8 15. Qc2
Rb7 16. Nc6 Re8 17. Qd2 Qa8 18. Nxb4 Bxa4 19. bxa4 Nc8 20. Qc2 Rxb4 21. Ba1 Rxa4
22. Qxc7 Ra7 23. Qc4 Nb6 24. Qb3 Na4 25. Bd4 Rb7 26. Qd3 Nd7 27. Bxg7 Kxg7 28.
Qd4+ Kg8 29. h4 Qa7 30. Qf4 Nf6 31. g4 Nc5 32. g5 Nh5 33. Qe3 Reb8 34. Bf3 Ng7
35. Rc4 Nf5 36. Qf4 Qxa2 37. Rfc1 Qb2 38. h5 Qa2 39. Bg4 Ng7 40. h6 Ne8 41. R1c2
Rb2 42. R2c3 Rb1+ 43. Kg2 Qa1 44. Rf3 Rg1+ 45. Kh3 Rh1+ 46. Qh2 Rxh2+ 47. Kxh2
Qa6 48. Rcf4 f5 49. gxf6 Nxf6 50. Bh3 Rf8 51. Re3 Qa1 52. Rxe7 Rf7 53. Re3 Qc1
54. Ref3 Qb2 55. e3 Qe5 56. Kg2 Nce4 57. Be6 Kf8 58. Bxf7 Kxf7 59. Kg1 Ke7 60.
Kg2 Nh5 61. Rf7+ Kd8 62. Rf8+ Kd7 63. R3f7+ Qe7 64. Rxe7+ Kxe7 65. Rh8 Nhf6 66.
Kf3 Ng5+ 67. Ke2 Nf7 68. Ra8 Nxh6 69. Ra7+ Nd7 70. e4 Nf7 71. f4 g5 72. Kf3 gxf4
73. Kxf4 Ne5 74. Ra1 Kf6 75. Rh1 Ng6+ 76. Ke3 Kg7 77. Kd4 Nde5 78. Ra1 Nf7 79.
Ke3 h5 80. Rg1 Kf6 81. Kf3 Nfe5+ 82. Ke3 Ng4+ 83. Kf3 N6e5+ 84. Kf4 Ng6+ 85. Kf3
Kg5 86. Ra1 N6e5+ 87. Kg3 h4+ 88. Kh3 Nf2+ 89. Kg2 Nxe4 90. Re1 Kf4 91. Rf1+ Ke3
92. Re1+ Kd4 93. Rd1+ Nd3 94. Rh1 Nf4+ 95. Kf3 Ng6 96. Kg4 Kxd5 97. Rd1+ Ke5 98.
Re1 d5 99. Ra1 d4 100. Ra5+ Kf6 101. Ra6+ Ke5 102. Rxg6 d3 103. Rg8 Kd4 104.
Rd8+ Ke3 105. Rxd3+ Kxd3 106. Kxh4 1/2-1/2

[Event "Titled Tue 27th May Late"]
[Site "chess.com INT"]
[Date "2025.05.27"]
[Round "3"]
[White "Dudzinski, Piotr"]
[Black "Atis, Hasan"]
[Result "1-0"]
[WhiteTitle "FM"]
[BlackTitle "CM"]
[WhiteElo "2335"]
[BlackElo "2089"]
[WhiteFideId "1119362"]
[BlackFideId "44598017"]
[EventDate "2025.05.27"]

1. e4 c5 2. c3 Nf6 3. e5 Nd5 4. d4 cxd4 5. cxd4 b6 6. Nc3 Bb7 7. Nf3 e6 8. Bd3
Be7 9. O-O O-O 10. Ne4 Nc6 11. Be3 Rc8 12. Rc1 Ncb4 13. Bb1 Nxe3 14. fxe3 Nd5
15. Qd3 Nb4 16. Nf6+ 1-0

[Event "Titled Tue 27th May Late"]
[Site "chess.com INT"]
[Date "2025.05.27"]
[Round "3"]
[White "Marino Bravo, Miguel Angel"]
[Black "Deichmann, Esteban Horacio"]
[Result "0-1"]
[WhiteTitle "CM"]
[WhiteElo "2134"]
[BlackElo "2085"]
[WhiteFideId "2208970"]
[BlackFideId "167410"]
[EventDate "2025.05.27"]

1. d4 c5 2. c3 cxd4 3. cxd4 d5 4. Nc3 Nc6 5. Bf4 f6 6. e3 e5 7. dxe5 fxe5 8. Bg3
Nf6 9. Nf3 d4 10. Nb5 Qa5+ 11. Nc3 dxc3 0-1

[Event "Titled Tue 27th May Late"]
[Site "chess.com INT"]
[Date "2025.05.27"]
[Round "3"]
[White "Rees, Ioan"]
[Black "Gustafsson, Jan"]
[Result "0-1"]
[WhiteTitle "FM"]
[BlackTitle "GM"]
[WhiteElo "2288"]
[BlackElo "2591"]
[WhiteFideId "1801236"]
[BlackFideId "4625498"]
[EventDate "2025.05.27"]

1. Nf3 d5 2. g3 c5 3. Bg2 Nc6 4. d4 cxd4 5. Nxd4 e5 6. Nxc6 bxc6 7. c4 Nf6 8.
Nc3 d4 9. Ne4 Nxe4 10. Bxe4 Qc7 11. O-O Bc5 12. b4 Bxb4 13. Qa4 Rb8 14. Bxc6+
Bd7 15. Bxd7+ Qxd7 16. Qxd7+ Kxd7 17. f4 Bc3 0-1

[Event "Titled Tue 27th May Late"]
[Site "chess.com INT"]
[Date "2025.05.27"]
[Round "3"]
[White "Cervantes Landeiro, Thalia"]
[Black "Garcia Garcia, Samuel 2002 I"]
[Result "1-0"]
[WhiteTitle "FM"]
[BlackTitle "CM"]
[WhiteElo "2278"]
[BlackElo "2096"]
[WhiteFideId "3520498"]
[BlackFideId "24576158"]
[EventDate "2025.05.27"]

1. d4 Nf6 2. c4 e6 3. Nf3 d5 4. Nc3 Be7 5. Bf4 O-O 6. e3 c6 7. Bd3 dxc4 8. Bxc4
b5 9. Bd3 Bb7 10. O-O Nbd7 11. Qc2 a6 12. e4 c5 13. e5 Nd5 14. Nxd5 Bxd5 15.
Bxh7+ Kh8 16. Be4 Bxe4 17. Qxe4 cxd4 18. Nxd4 Nc5 19. Qe3 Qd5 20. Rad1 Rfd8 21.
Nf5 Qxd1 22. Qh3+ Kg8 23. Nxe7+ Kf8 24. Qh8+ Kxe7 25. Bg5+ f6 26. exf6+ gxf6 27.
Bxf6+ 1-0

[Event "Titled Tue 27th May Late"]
[Site "chess.com INT"]
[Date "2025.05.27"]
[Round "3"]
[White "Martinez Alcantara, Jose Eduardo"]
[Black "Ozates, Tuna"]
[Result "1-0"]
[WhiteTitle "GM"]
[BlackTitle "FM"]
[WhiteElo "2611"]
[BlackElo "2217"]
[WhiteFideId "3805662"]
[BlackFideId "6354521"]
[EventDate "2025.05.27"]

1. c4 e6 2. Nf3 d5 3. g3 Nf6 4. Bg2 Be7 5. O-O O-O 6. d3 c5 7. Nc3 Nc6 8. e4
dxe4 9. dxe4 Nd7 10. Bf4 Bf6 11. Bd6 Re8 12. Nb5 Nde5 13. Nc7 Nxf3+ 14. Bxf3 Nd4
15. Nxe8 Qxe8 16. Bxc5 Nxf3+ 17. Qxf3 Bxb2 18. Rab1 Be5 19. Rfd1 b6 20. Bd4 Bxd4
21. Rxd4 Bb7 22. Qd3 h6 23. Rd1 Qc6 24. f3 Kh7 25. Kg2 Rc8 26. Rd7 f6 27. Re7
Ba6 28. Qd7 1-0

[Event "Titled Tue 27th May Late"]
[Site "chess.com INT"]
[Date "2025.05.27"]
[Round "3"]
[White "Rostomyan, Mikayel"]
[Black "Haug, Havard"]
[Result "1/2-1/2"]
[WhiteTitle "FM"]
[BlackTitle "FM"]
[WhiteElo "2325"]
[BlackElo "2354"]
[WhiteFideId "13313754"]
[BlackFideId "1547887"]
[EventDate "2025.05.27"]

1. d4 Nf6 2. Nf3 d5 3. c4 e6 4. g3 Bb4+ 5. Bd2 Be7 6. Bg2 Nbd7 7. b3 Ne4 8. O-O
O-O 9. Nc3 Bf6 10. cxd5 Nxc3 11. Bxc3 exd5 12. Ne5 c6 13. e4 dxe4 14. Bxe4 Nb6
15. Bb4 Re8 16. Bxh7+ Kxh7 17. Qh5+ Kg8 18. Qxf7+ Kh7 19. Qg6+ Kg8 20. Qf7+ Kh7
21. Qh5+ Kg8 22. Qf7+ 1/2-1/2

[Event "Titled Tue 27th May Late"]
[Site "chess.com INT"]
[Date "2025.05.27"]
[Round "3"]
[White "Hiermann, Dietmar"]
[Black "Altini, Nicola"]
[Result "1-0"]
[WhiteTitle "FM"]
[BlackTitle "IM"]
[WhiteElo "2216"]
[BlackElo "2357"]
[WhiteFideId "1602918"]
[BlackFideId "833924"]
[EventDate "2025.05.27"]

1. e4 c5 2. Nf3 g6 3. d4 cxd4 4. Nxd4 Bg7 5. c4 Nc6 6. Be3 Nf6 7. Nc3 Ng4 8.
Qxg4 Nxd4 9. Qd1 Ne6 10. Be2 Bxc3+ 11. bxc3 Qa5 12. O-O Qxc3 13. Rc1 Qg7 14. f4
f6 15. f5 gxf5 16. Bh5+ Kf8 17. exf5 Ng5 18. Qd5 d6 19. Bxg5 fxg5 20. f6 exf6
21. Qxd6+ Kg8 22. Qd5+ Be6 23. Qxe6+ Kf8 24. Rxf6+ Qxf6 25. Qxf6+ Kg8 26. Qf7# 1-0

[Event "Titled Tue 27th May Late"]
[Site "chess.com INT"]
[Date "2025.05.27"]
[Round "3"]
[White "Mujumdar, Sameer"]
[Black "Sklokin, Sergey"]
[Result "0-1"]
[BlackTitle "FM"]
[WhiteElo "2029"]
[BlackElo "2311"]
[WhiteFideId "2029707"]
[BlackFideId "55730230"]
[EventDate "2025.05.27"]

1. d4 Nf6 2. c4 g6 3. Nc3 d5 4. Nf3 Bg7 5. Qb3 dxc4 6. Qxc4 Be6 7. Qb5+ Bd7 8.
Qb3 c5 9. Qxb7 Bc6 10. Qb3 cxd4 11. Nb1 O-O 12. Nbd2 Nd5 13. g3 e5 14. Bg2 Nb6
15. O-O N8d7 16. Qa3 Re8 17. Nb3 a5 18. Bg5 f6 19. Bd2 Bf8 20. Nc5 0-1

[Event "Titled Tue 27th May Late"]
[Site "chess.com INT"]
[Date "2025.05.27"]
[Round "3"]
[White "Garzon Zapatanga, Christopher Leonel"]
[Black "Li, Eric 2007"]
[Result "1-0"]
[WhiteTitle "FM"]
[BlackTitle "IM"]
[WhiteElo "2168"]
[BlackElo "2372"]
[WhiteFideId "3634787"]
[BlackFideId "30939941"]
[EventDate "2025.05.27"]

1. b3 b6 2. Bb2 Bb7 3. e3 Nf6 4. Nf3 g6 5. Be2 Bg7 6. O-O O-O 7. c4 c5 8. Nc3 d5
9. Nxd5 Nxd5 10. Bxg7 Kxg7 11. cxd5 Bxd5 12. d4 Nd7 13. Rc1 Bb7 14. Qd2 Rc8 15.
Rfd1 cxd4 16. Rxc8 Qxc8 17. Nxd4 Nf6 18. Bf3 Rd8 19. Ne6+ Qxe6 20. Qxd8 Bxf3 21.
gxf3 Qc6 22. e4 Qc3 23. Qd3 Qe5 24. Qe3 h5 25. f4 Qb2 26. Rd2 Qb1+ 27. Kg2 Nxe4
28. Rd7 Nf6 29. Rxe7 Qf5 30. Rxa7 Nd5 31. Qe5+ Kh6 32. Qxf5 gxf5 1-0

[Event "Titled Tue 27th May Late"]
[Site "chess.com INT"]
[Date "2025.05.27"]
[Round "3"]
[White "May Sanchez, Andres Elias"]
[Black "Toncheva, Nadya"]
[Result "0-1"]
[WhiteTitle "CM"]
[BlackTitle "FM"]
[WhiteElo "2209"]
[BlackElo "2332"]
[WhiteFideId "5150973"]
[BlackFideId "2924056"]
[EventDate "2025.05.27"]

1. e4 c5 2. Nf3 Nc6 3. d4 cxd4 4. Nxd4 g6 5. c4 Bg7 6. Be3 Nf6 7. Nc3 O-O 8. Be2
d6 9. O-O Bd7 10. Qc2 Nxd4 11. Bxd4 Bc6 12. h3 a5 13. Rad1 a4 14. c5 Qa5 15.
cxd6 exd6 16. Rfe1 Rfe8 17. Bf3 a3 18. b3 b5 19. Nd5 Bxd5 20. exd5 Rxe1+ 21. Kh2
Rxd1 22. Qxd1 Qb4 23. Ba1 Rc8 24. Qd3 Qf4+ 25. g3 Qc1 26. Bd4 Qc2 27. Qxb5 Qxa2
28. Qb7 Qc2 29. Bd1 Qc7 30. Qb4 a2 31. Qa3 Qc1 0-1

[Event "Titled Tue 27th May Late"]
[Site "chess.com INT"]
[Date "2025.05.27"]
[Round "3"]
[White "Cernov, Henrik"]
[Black "Buchenau, Frank"]
[Result "1-0"]
[WhiteTitle "FM"]
[BlackTitle "FM"]
[WhiteElo "2325"]
[BlackElo "2190"]
[WhiteFideId "16258312"]
[BlackFideId "4604350"]
[EventDate "2025.05.27"]

1. e4 e6 2. Qe2 c5 3. Nf3 Nc6 4. g3 g6 5. Bg2 Bg7 6. O-O Nge7 7. Rd1 e5 8. Nc3
O-O 9. Nd5 Nxd5 10. exd5 Nd4 11. Nxd4 exd4 12. d3 Re8 13. Qf3 d6 14. Bf4 Qe7 15.
h3 Bd7 16. Re1 Qf8 17. g4 Rxe1+ 18. Rxe1 Re8 19. Rxe8 Qxe8 20. Bxd6 Qe1+ 21. Kh2
b6 22. Qe4 Qxf2 23. Qe7 Bb5 24. Qd8+ 1-0

[Event "Titled Tue 27th May Late"]
[Site "chess.com INT"]
[Date "2025.05.27"]
[Round "3"]
[White "Barria Zuniga, Daniel"]
[Black "Fadi, Marko"]
[Result "0-1"]
[WhiteTitle "IM"]
[BlackTitle "FM"]
[WhiteElo "2341"]
[BlackElo "2244"]
[WhiteFideId "3400816"]
[BlackFideId "10605371"]
[EventDate "2025.05.27"]

1. d4 d5 2. c4 e6 3. Nf3 Nf6 4. Nc3 Be7 5. Bg5 h6 6. Bxf6 Bxf6 7. Qc2 c5 8. dxc5
dxc4 9. e3 Qa5 10. Rc1 Qxc5 11. Qa4+ Bd7 12. Qxc4 Qxc4 13. Bxc4 Bc6 14. Ke2 Ke7
15. Rhd1 Nd7 16. b4 Rhc8 17. Nb5 Ne5 18. Nxe5 Bxe5 19. f4 Bb2 20. Rc2 Bxb5 21.
Rxb2 Bxc4+ 22. Kf2 Bd5 23. Rbd2 Rc4 0-1